<?xml version="1.0" encoding="UTF-8"?>
<record
    xmlns:xsi="http://www.w3.org/2001/XMLSchema-instance"
    xsi:schemaLocation="http://www.loc.gov/MARC21/slim http://www.loc.gov/standards/marcxml/schema/MARC21slim.xsd"
    xmlns="http://www.loc.gov/MARC21/slim">

  <leader>00955nam a22002297a 4500</leader>
  <controlfield tag="005">20240530110624.0</controlfield>
  <controlfield tag="008">170102s2015    ua     g      000 0 ara d</controlfield>
  <datafield tag="017" ind1=" " ind2=" ">
    <subfield code="a">2014/15879</subfield>
    <subfield code="b">&#x645;&#x635;&#x631;. &#x62F;&#x627;&#x631; &#x627;&#x644;&#x643;&#x62A;&#x628;</subfield>
  </datafield>
  <datafield tag="020" ind1=" " ind2=" ">
    <subfield code="a">9789773833015</subfield>
  </datafield>
  <datafield tag="040" ind1=" " ind2=" ">
    <subfield code="a">EG-CaGPL</subfield>
    <subfield code="c">EG-CaGPL</subfield>
  </datafield>
  <datafield tag="082" ind1="0" ind2="4">
    <subfield code="2">21</subfield>
    <subfield code="a">332.414\</subfield>
    <subfield code="b">&#x645; &#x62D;</subfield>
  </datafield>
  <datafield tag="100" ind1="0" ind2=" ">
    <subfield code="a">&#x645;&#x62D;&#x633;&#x646; &#x627;&#x62D;&#x645;&#x62F; &#x627;&#x644;&#x62E;&#x636;&#x64A;&#x631;&#x649;</subfield>
  </datafield>
  <datafield tag="245" ind1="1" ind2="0">
    <subfield code="a">&#x62D;&#x631;&#x628; &#x627;&#x644;&#x639;&#x645;&#x644;&#x627;&#x62A; :</subfield>
    <subfield code="b">&#x645;&#x642;&#x62F;&#x645;&#x629; &#x641;&#x649; &#x62A;&#x648;&#x627;&#x632;&#x646;&#x627;&#x62A; &#x633;&#x639;&#x631; &#x627;&#x644;&#x635;&#x631;&#x641; &#x648; &#x627;&#x637;&#x644;&#x627;&#x644;&#x629; &#x644;&#x639;&#x627;&#x644;&#x645; &#x62C;&#x62F;&#x64A;&#x62F; &#x645;&#x646; &#x627;&#x644;&#x635;&#x631;&#x627;&#x639; &#x639;&#x644;&#x649; &#x633;&#x64A;&#x627;&#x62F;&#x629; &#x627;&#x644;&#x639;&#x627;&#x644;&#x645; /</subfield>
    <subfield code="c">&#x645;&#x62D;&#x633;&#x646; &#x627;&#x62D;&#x645;&#x62F; &#x627;&#x644;&#x62E;&#x636;&#x64A;&#x631;&#x649;</subfield>
  </datafield>
  <datafield tag="250" ind1=" " ind2=" ">
    <subfield code="a">&#x637;. 1</subfield>
  </datafield>
  <datafield tag="260" ind1=" " ind2=" ">
    <subfield code="a">&#x627;&#x644;&#x642;&#x627;&#x647;&#x631;&#x629; : </subfield>
    <subfield code="b">&#x627;&#x64A;&#x62A;&#x631;&#x627;&#x643; &#x644;&#x644;&#x637;&#x628;&#x627;&#x639;&#x629; &#x648; &#x627;&#x644;&#x646;&#x634;&#x631; &#x648; &#x627;&#x644;&#x62A;&#x648;&#x632;&#x64A;&#x639; &#x60C;</subfield>
    <subfield code="c">2015.</subfield>
  </datafield>
  <datafield tag="300" ind1=" " ind2=" ">
    <subfield code="a">242 &#x635;. &#x61B;</subfield>
    <subfield code="c">24 &#x633;&#x645;.</subfield>
  </datafield>
  <datafield tag="650" ind1="0" ind2="7">
    <subfield code="2">qrmak</subfield>
    <subfield code="a">&#x627;&#x644;&#x633;&#x64A;&#x627;&#x633;&#x629; &#x627;&#x644;&#x645;&#x627;&#x644;&#x64A;&#x629;</subfield>
  </datafield>
  <datafield tag="650" ind1="0" ind2="7">
    <subfield code="2">qrmak</subfield>
    <subfield code="a">&#x627;&#x644;&#x627;&#x62D;&#x648;&#x627;&#x644; &#x627;&#x644;&#x627;&#x642;&#x62A;&#x635;&#x627;&#x62F;&#x64A;&#x629;</subfield>
  </datafield>
  <datafield tag="650" ind1="0" ind2="7">
    <subfield code="2">qrmak</subfield>
    <subfield code="a">&#x627;&#x644;&#x646;&#x638;&#x627;&#x645; &#x627;&#x644;&#x646;&#x642;&#x62F;&#x649;</subfield>
  </datafield>
  <datafield tag="942" ind1=" " ind2=" ">
    <subfield code="2">ddc</subfield>
    <subfield code="c">BK</subfield>
  </datafield>
  <datafield tag="999" ind1=" " ind2=" ">
    <subfield code="c">63121</subfield>
    <subfield code="d">63121</subfield>
  </datafield>
  <datafield tag="952" ind1=" " ind2=" ">
    <subfield code="0">0</subfield>
    <subfield code="1">0</subfield>
    <subfield code="4">0</subfield>
    <subfield code="7">0</subfield>
    <subfield code="a">CAI</subfield>
    <subfield code="b">CAI</subfield>
    <subfield code="c">MAIN-LIBRARY</subfield>
    <subfield code="d">2017-01-02</subfield>
    <subfield code="l">0</subfield>
    <subfield code="o">332.414\ &#x645; &#x62D;</subfield>
    <subfield code="p">163080</subfield>
    <subfield code="r">2017-01-02 00:00:00</subfield>
    <subfield code="w">2017-01-02</subfield>
    <subfield code="y">BK</subfield>
  </datafield>
</record>
